000 00797nam a22001937a 4500
005 20260129122746.0
010 _aHIN-130923
020 _a9789392176548
_c250.00
035 _aHN-103269
037 _bDBAD
082 _a921
100 _aव्यास, गोपालप्रसाद
_987033
245 _aहमारे राष्ट्रपिता /
_cगोपालप्रसाद व्यास
250 _aप्रथम
260 _aनई दिल्ली
_bनेशनल पेपरबैक्स
_c2024
270 _a4230/1, अंसारी रोड , दरियागंज,
_bनई दिल्ली
_e110002
300 _a93पृ.
_c22सेमी (सजिल्द)
942 _adpl
_cHN
_2ddc
_h921
_mव्यासगो
999 _c214626
_d214626